Top 20 ACC basketball players 2026 - Statistics

General Stats
  • This quiz has been taken 2 times
  • The average score is 7 of 20
Answer Stats
Team Player % Correct
SMU Boopie Miller
100%
North Carolina Caleb Wilson
100%
Duke Cameron Boozer
100%
North Carolina Henri Veesaar
100%
Duke Isaiah Evans
100%
Miami Malik Reneau
50%
North Carolina Seth Trimble
50%
Virginia Thijs De Ridder
50%
Duke Caleb Foster
0%
California Dai Dai Ames
0%
Stanford Ebuka Okorie
0%
Wake Forest Juke Harris
0%
California Justin Pippen
0%
Syracuse Kiyan Anthony
0%
Louisville Mikel Brown Jr.
0%
Duke Patrick Ngongba
0%
North Carolina State Quadir Copeland
0%
Florida State Robbie Mccray V
0%
Louisville Ryan Conwell
0%
Miami Tre Donaldson
0%
No matching quizzes found
Score Distribution
Percent of People with Each Score
Percentile by Number Answered
Your Score History
You have not taken this quiz